000 00890cam a22002771 4500
001 rc 01001799
003 DLC
005 20260227111904.0
007 cr_|||||||||||
008 800911s1889 wiuaf 000 0 eng
010 _arc 01001799
017 _a1889: 1357
035 _a(OCoLC)6701628
040 _aDLC
_cICTU
_dDLC
042 _apremarc
043 _an-us-wi
050 0 0 _aBX2321.H6
_bA7
082 _a282.77591
100 1 _aArmstrong, William Ayres.
245 1 0 _aMiracle hill.
_bA legendary tale of Wisconsin.
_cBy W. A. Armstrong ...
260 _aMilwaukee, Wis.,
_bCramer, Aikens & Cramer, engravers and printers,
_c1889.
300 _a73 p.
_bincl. illus., plates.
_c22 cm.
530 _aAlso available in digital form on the Internet Archive Web site.
651 0 _aHoly Hill, Washington Co., Wis.
856 4 1 _uhttp://hdl.loc.gov/loc.gdc/scd0001.00297349144
999 _c52184
_d52184